Normal view
MARC view
- King Lear
Entry Topical Term
001 - CONTROL NUMBER
- control field: 73156
003 - CONTROL NUMBER IDENTIFIER
- control field: OSt
005 - DATE AND TIME OF LATEST TRANSACTION
- control field: 20220806112515.0
008 - FIXED-LENGTH DATA ELEMENTS
- fixed length control field: 220806|| aca||aabn | a|a d
040 ## - CATALOGING SOURCE
- Original cataloging agency: OSt
- Transcribing agency: OSt
150 ## - HEADING--TOPICAL TERM
- Topical term or geographic name entry element: King Lear
670 ## - SOURCE DATA FOUND
- Source citation: Work cat.: (OSt)40807: Bhatia, P. 73155, William Shakespeare: King Lear, 2017